| 000 | 00629nam a22002177a 4500 | ||
|---|---|---|---|
| 999 |
_c623 _d623 |
||
| 003 | OSt | ||
| 005 | 20210427092451.0 | ||
| 008 | 141028b xxu||||| |||| 00| 0 eng d | ||
| 020 | _a0443071381 | ||
| 040 | _cDLC | ||
| 082 | _aQV704 C611r 2003 | ||
| 100 |
_aEdited by Roger, Walker; Clive, Edwards _911936 |
||
| 245 | _aClinical Pharmacy and Therapeutics | ||
| 250 | _a3rd ed. | ||
| 260 |
_aLondon : _bChurchill Livingstone ; _c2003. |
||
| 300 |
_axiv, 937 p. : _bcol.ill ; _c28 cm. |
||
| 504 | _aIncludes bibliographical references and index. | ||
| 650 |
_aPharmacy _91625 |
||
| 650 |
_aTherapeutics _91626 |
||
| 942 |
_2z _cSLOAN |
||